书目信息 |
| 题名: |
动画的艺术风格与新发展探究
|
|
| 作者: | 王健龙 著 | |
| 分册: | ||
| 出版信息: | 北京 北京工业大学出版社 2021.4 |
|
| 页数: | 180页 | |
| 开本: | 24cm | |
| 丛书名: | ||
| 单 册: | ||
| 中图分类: | J218.7 | |
| 科图分类: | ||
| 主题词: | 动画--研究--中国 | |
| 电子资源: | ||
| ISBN: | 978-7-5639-7102-2 | |
| 000 | 00808nam0 2200229 45 | |
| 001 | 012001000527 | |
| 005 | 20130909082417.0 | |
| 010 | @a978-7-5639-7102-2@dCNY59.00 | |
| 100 | @a20200804d2019 em y0chiy0110 ea | |
| 101 | 0 | @achi |
| 102 | @aCN@b110000 | |
| 105 | @aa z 000yy | |
| 106 | @ar | |
| 200 | 1 | @a动画的艺术风格与新发展探究@Adong hua de yi shu feng ge yu xin fa zhan tan jiu@f王健龙著 |
| 210 | @a北京@c北京工业大学出版社@d2021.4 | |
| 215 | @a180页@c图@d24cm | |
| 330 | @a本书共五章,内容包括:动画的艺术风格概述、动画的起源与发展、中国动画艺术风格的发展与变迁、中国动画的艺术风格新发展探究、典型中国动画艺术风格案例赏析。 | |
| 606 | 0 | @a动画@x研究@y中国 |
| 690 | @aJ218.7@v5 | |
| 701 | 0 | @a王健龙@Awang jian long@4著 |
| 801 | @aCN@b江苏凤凰@c20211018 | |
| 905 | @b1340005-8@dJ218.7@e1196@f4 | |
| 动画的艺术风格与新发展探究/王健龙著.-北京:北京工业大学出版社,2021.4 |
| 180页:图;24cm |
| ISBN 978-7-5639-7102-2:CNY59.00 |
| 本书共五章,内容包括:动画的艺术风格概述、动画的起源与发展、中国动画艺术风格的发展与变迁、中国动画的艺术风格新发展探究、典型中国动画艺术风格案例赏析。 |
| ● |
| 相关链接 |
|
|
|
|
正题名:动画的艺术风格与新发展探究
索取号:J218.7/1196
 
预约/预借
| 序号 | 登录号 | 条形码 | 馆藏地/架位号 | 状态 | 备注 |
| 1 | 1340005 | 213400050 | 第一样本阅览室/ [索取号:J218.7/1196] | 在馆 | |
| 2 | 1340006 | 213400069 | 第一借阅区/ [索取号:J218.7/1196] | 在馆 | |
| 3 | 1340007 | 213400078 | 第一借阅区/ [索取号:J218.7/1196] | 在馆 | |
| 4 | 1340008 | 213400087 | 第一借阅区/ [索取号:J218.7/1196] | 在馆 |